Amérique: Monnaie par pays (Boites jaunes) - Statistiques

Statistiques générales
  • Ce quiz a été pris 156 fois
  • Le résultat moyen est 24 sur 35
Statistiques - réponses
Pays Monnaie % Correct
Canada Dollar canadien
92%
Argentine Peso argentin
92%
Mexique Peso mexicain
92%
États-Unis Dollar américain
91%
Antigua et Barbuda Dollar des Caraïbes orientales
89%
Chili Peso chilien
89%
Bahamas Dollar bahaméen
87%
Barbade Dollar barbadien
85%
Colombie Peso colombien
85%
Belize Dollar bélizien
83%
Dominique Dollar des Caraïbes orientales
83%
Salvador Aucune (Dollar américain)
81%
Grenade Dollar des Caraïbes orientales
81%
Sainte-Lucie Dollar des Caraïbes orientales
79%
Saint-Vincent et les Grenadines Dollar des Caraïbes orientales
79%
Guyana Dollar guyanien
79%
Jamaique Dollar jamaïcain
79%
Trinité-et-Tobago Dollar trinidadien
79%
Cuba Peso cubain
79%
Saint-Christophe-et-Niévès Dollar des Caraïbes orientales
77%
Suriname Dollar surinamien
75%
République dominicaine Peso dominicain
75%
Uruguay Peso uruguayen
72%
Equateur Aucune (Dollar américain)
70%
Brésil Real
64%
Guatemala Quetzal
40%
Pérou Sol
40%
Venezuela Bolivar souverain
38%
Haiti Gourde
38%
Costa Rica Colón costaricien
30%
Bolivie Boliviano
28%
Nicaragua Cordoba
26%
Panama Balboa
25%
Paraguay Guarani
25%
Honduras Lempira
25%
Aucun quiz correspondant
Distribution des résultats
% des personnes avec chaque résultat
Percentile par nombre de réponses
Votre historique - résultats
Vous n’avez pas pris ce quiz